MARC

LEADER 00000nam0a2200000 4500
001 354454
005 20231102010707.0
035 |a (RuTPU)RU\TPU\retro\11712 
090 |a 354454 
100 |a 20200619d1961 km y0rusy50 ca 
101 0 |a rus 
102 |a RU 
105 |a a z 001zy 
200 1 |a Алтай в период восстановления народного хозяйства (1921-1925 гг.)  |e исторический очерк  |f под ред. А. Н. Лариной 
210 |a Барнаул  |c Алтайское кн. изд-во  |d 1961 
215 |a 331 с.  |c ил. 
320 |a Примечания: с. 321-329 
606 1 |a Алтай, республика  |x История  |2 stltpush  |3 (RuTPU)RU\TPU\subj\67192  |9 83075 
610 1 |a народное хозяйство 
610 1 |a исторические очерки 
610 1 |a народное хозяйство 
610 1 |a восстановление 
610 1 |a Гражданская война 1918-1921 
610 1 |a экономическое поведение 
610 1 |a партийное руководство 
610 1 |a кооперативная деятельность 
610 1 |a сельское хозяйство 
610 1 |a промышленность 
610 1 |a транспорт 
610 1 |a просвещение 
610 1 |a народное образование 
686 |a Т3(253.3)  |v LBC/SL-A  |2 rubbk 
702 1 |a Ларина  |b А. Н.  |4 340 
801 1 |a RU  |b 63413507  |c 20200619 
801 2 |a RU  |b 63413507  |c 20210204  |g RCR 
942 |c BK